| 000 | 00786cam a2200205 4500 | ||
|---|---|---|---|
| 001 | WB3713-34 | ||
| 008 | 000000n2001 000 0 eng u | ||
| 035 | _a(Sirsi) u111684 | ||
| 245 | _a'Bungling could mean two year halt to meat exports' | ||
| 260 | _c2001 | ||
| 490 |
_aFarmers' Weekly _v(134: 12) 23-29 March 2001, 6(1) |
||
| 520 | _aThere could be a long wait before British farmers are allowed to resume exports of meat and livestock according to a senior civil servant. The disease eradication programme was being affected by the bureaucracy of the decision making processes. | ||
| 590 | _aWB | ||
| 650 | _aFOOT-AND-MOUTH DISEASE | ||
| 650 | _aMAFF | ||
| 650 | _aMEAT MARKETS | ||
| 650 | _aEXPORT INFORMATION | ||
| 690 | _aRURAL-AGRICULTURE AND FORESTRY | ||
| 942 | _n0 | ||
| 999 |
_c66544 _d66544 |
||